| 000 | 00516nam a2200169 a 4500 | ||
|---|---|---|---|
| 005 | 20260421155555.0 | ||
| 008 | 260408s2026##################000#0#eng## | ||
| 020 |
_a9780406002778 _qhbk |
||
| 082 | 0 | 4 | _a348.42ALL(R) |
| 100 | _aBridgman,G. F. L. | ||
| 245 | 1 | 0 |
_aTHE All England Law Reports Reprint: Revised and Annotated; 1914 - 1915 _c/G. F. L. Bridgman |
| 250 | _a1st ed. | ||
| 260 |
_a London: _bButterworth, _c1991. |
||
| 300 |
_axvi,992p. _c;23cm. |
||
| 650 | _aLaws, regulations & cases | ||
| 942 | _cENGLISH | ||
| 999 |
_c619173 _d619173 |
||